[Event "Fagernes op"]
[Site "Fagernes"]
[Date "2020.10.06"]
[Round "1"]
[White "Dybvik, Bjorn Noralf"]
[Black "Modell, Brage"]
[Result "0-1"]
[WhiteElo "1540"]
[BlackElo "1844"]
[PlyCount "70"]
[EventDate "2020.10.04"]
[EventType "swiss"]
[EventRounds "9"]
[EventCountry "NOR"]
[SourceTitle "EXT 2024"]
[Source "ChessBase"]
[SourceDate "2023.10.10"]
[SourceVersion "1"]
[SourceVersionDate "2023.10.10"]
[SourceQuality "1"]

1. d4 d5 2. e3 Bf5 3. f4 Nf6 4. Bd3 Bxd3 5. Qxd3 Nbd7 6. Nd2 e6 7. Ngf3 c5 8. c3 Be7 9. 0-0 0-0 10. Ne5 Qc7 11. Kh1 Rab8 12. Rg1 b5 13. g4 Nxe5 14. fxe5 Nd7 15. Nf3 b4 16. e4 bxc3 17. bxc3 cxd4 18. cxd4 Qc6 19. Re1 Bb4 20. Bd2 Bxd2 21. Nxd2 Rb2 22. Rec1 dxe4 23. Qxe4 Qa4 24. Nc4 Rxa2 25. Rab1 Rf2 26. Ra1 Ra2 27. Rab1 Nb6 28. Qd3 Qc6+ 29. d5 Nxd5 30. Qf3 Qc5 31. Nd6 Qd4 32. Re1 Qd2 33. Qg3 Nc3 34. Ra1 Ne4 35. Kg1 Rxa1 0-1

[Event "Alesund CC-ch"]
[Site "Alesund"]
[Date "2015.09.17"]
[Round "1"]
[White "Dybvik, Bjorn Noralf"]
[Black "Ramstad, Havard"]
[Result "0-1"]
[WhiteElo "1630"]
[BlackElo "2026"]
[PlyCount "56"]
[EventDate "2015.09.17"]
[EventType "swiss"]
[EventRounds "9"]
[EventCountry "NOR"]
[SourceTitle "EXT 2024"]
[Source "ChessBase"]
[SourceDate "2023.10.10"]
[SourceVersion "1"]
[SourceVersionDate "2023.10.10"]
[SourceQuality "1"]

1. e4 c5 2. Nf3 e6 3. d4 cxd4 4. Nxd4 a6 5. Be3 Qc7 6. Bd3 Nf6 7. 0-0 b5 8. Nd2 Bb7 9. Rc1 Bd6 10. f4 Bc5 11. Re1 h5 12. h3 Nc6 13. c3 h4 14. Nc2 Bxe3+ 15. Nxe3 Qxf4 16. Qe2 Ne5 17. Rf1 Qg5 18. Bc2 Nh5 19. Qf2 Ng3 20. Rfe1 Rh6 21. Nf3 Nxf3+ 22. Qxf3 Rf6 23. Qd1 Rf4 24. Ng4 Qc5+ 25. Kh2 Bxe4 26. Ne3 Bb7 27. Qd3 Rf2 28. Rg1 Qc7 0-1